Pokémon - Champions d'Arène - Pierrick (D/P/Pt) - Statistiques

Statistiques générales
  • Ce quiz a été pris 52 fois
  • Le résultat moyen est 52 sur 71
Statistiques - réponses
Hint Réponse % Correct
Type Roche
100%
Type Roche
100%
Type Roche
100%
Type Roche
100%
Type Roche
100%
Type Roche
100%
Type Roche
100%
Type Roche
100%
Type Roche
100%
Onix
94%
Racaillou
94%
Type Sol
94%
Type Sol
94%
Type Sol
94%
Charkos
91%
Kranidos
91%
Ptéra
91%
Type Vol
91%
Niv 12
88%
Niv 12
88%
Niv 14
88%
Type Acier
85%
Ville Charbourg
85%
Grolem
85%
Type Ténèbres
82%
Tyranocif
82%
Niv 65
76%
CT Piège de Roc
76%
Capacités Piège de Roc
76%
Capacités Piège de Roc
76%
Capacités Piège de Roc
76%
Capacités Séisme
76%
Capacités Séisme
76%
Capacités Séisme
76%
Niv 61
73%
Niv 61
73%
Niv 62
73%
Niv 63
73%
Capacités Lame de Roc
73%
Capacités Lame de Roc
73%
Capacités Lame de Roc
73%
Capacités Lame de Roc
73%
Capacités Psykoud'Boul
70%
Talent Fermeté
67%
Capacités Mâchouille
67%
Tarinorme
67%
Talent Tête de Roc
67%
Talent Tête de Roc
67%
Talent Tête de Roc
67%
Talent Tête de Roc
67%
Badge Charbon
61%
Capacités Dracogriffe
61%
Capacités Jet-Pierres
61%
Capacités Jet-Pierres
61%
Talent Brise Moule
55%
Talent Brise Moule
55%
Capacités Coup d'Boule
55%
Capacités Coup d'Boule
55%
Capacités Aéropique
52%
Capacités Aéropique
52%
Capacités Crocs Feu
52%
Capacités Lance-Flammes
48%
Talent Sable Volant
45%
Capacités Grincement
42%
Capacités Poursuite
42%
Capacités Avalanche
39%
Objet Baie Sitrus
39%
Capacités Casse-Brique
39%
Capacités Telluriforce
39%
Capacités Coup d'Jus
36%
Capacités Groz'Yeux
36%
Aucun quiz correspondant
Distribution des résultats
% des personnes avec chaque résultat
Percentile par nombre de réponses
Votre historique - résultats
Vous n’avez pas pris ce quiz